| 000 | 00496ntaaa2200181 4500 | ||
|---|---|---|---|
| 003 | 01 | ||
| 005 | 20251027202119.0 | ||
| 008 | 0714s1973 ag 01 | ||
| 040 |
_aAR-BaBN _bspa _cAR-BaBN _eaacr _dRIC |
||
| 082 | _a253.2000 M77 | ||
| 100 |
_aMoody, Jess G _919611 |
||
| 245 | _aYou can't lose for winning | ||
| 250 | _a1 ed. | ||
| 260 |
_aGrand Rapids : _bZondervan Publishing House, _cc1965 |
||
| 300 | _a152 p | ||
| 500 | _aEstudio de la vida del pastor y los laicos de la iglesia | ||
| 942 | _cBK | ||
| 999 |
_c16015 _d16015 |
||